Compendio Isla de Pascua: antecedentes

Đã lưu trong:
Chi tiết về thư mục
Những tác giả chính: Siviero Pérez, Vanessa (Tác giả), Caro Moreno, Erick (Tác giả)
Tác giả khác: Andrade Castro, Oscar José (autor), Cáraves Silva, Patricio (autor)
Định dạng: Sách
Ngôn ngữ:Tiếng Tây Ban Nha
Được phát hành: Viña del Mar Taller de Investigaciones Gráficas Ead 2013
Những chủ đề:
Các nhãn: Thêm thẻ
Không có thẻ, Là người đầu tiên thẻ bản ghi này!

MARC

LEADER 00000cam a2200000 a 4500
001 UCF5780
003 CL-VaPUC
008 130322e20130100CL |||||||||||||||||spa|d
082 0 4 |a 726.5  |b SIV  |2 21 
100 0 |a Siviero Pérez, Vanessa  |e author  |9 567722 
700 |a Andrade Castro, Oscar José  |e autor  |9 567723 
700 0 |a Caro Moreno, Erick  |e author  |9 567724 
700 |a Cáraves Silva, Patricio  |e autor  |9 709220 
245 1 0 |a Compendio Isla de Pascua: antecedentes 
300 |a 103 p 
942 |c BK 
945 |d 20130322 00:00:00  |a dcastane 
260 |a Viña del Mar  |b Taller de Investigaciones Gráficas Ead  |c 2013 
650 0 |a Iglesias  |9 352850 
650 0 |a Arquitectura religiosa  |9 266677 
650 0 |a Edificios religiosos  |9 335394 
583 |a last modification  |c 20130909 02:15:11  |k Rodrigo Vera 
999 |c 351185  |d 351183 
952 |0 0  |1 0  |4 0  |6 726_500000000000000_SIV_2013  |7 0  |8 R  |9 455154  |a BIBARQ  |b BIBARQ  |d 2019-11-22  |i 4958187  |l 1  |o 726.5 SIV 2013  |p 4958187  |r 2025-01-20  |s 2022-07-26  |w 2019-11-22  |y BK_R  |k ARQ